书目信息 |
| 题名: |
市场营销学
|
|
| 作者: | 张云起 , 贺继红 主编 | |
| 分册: | ||
| 出版信息: | 济南 山东大学出版社 2006.08 |
|
| 页数: | 371页 | |
| 开本: | 23cm | |
| 丛书名: | 二十一世纪高校经济管理类专业系列教材 | |
| 单 册: | ||
| 中图分类: | F713.50 | |
| 科图分类: | ||
| 主题词: | 市场营销学--shi chang ying xiao xue | |
| 电子资源: | ||
| ISBN: | 7-5607-3209-7 | |
| 000 | 01094nam 2200277 450 | |
| 001 | 012007639924 | |
| 005 | 20070521171143.60 | |
| 010 | @a7-5607-3209-7@dCNY28.20 | |
| 100 | @a20070310d2006 km y0chiy0120 ea | |
| 101 | 0 | @achi |
| 102 | @aCN@b370000 | |
| 105 | @aa a 000yy | |
| 200 | 1 | @a市场营销学@Ashi chang ying xiao xue@f张云起, 贺继红主编@Fzhang yun qi,he ji hong zhu bian |
| 210 | @a济南@c山东大学出版社@d2006.08 | |
| 215 | @a371页@c图@d23cm | |
| 225 | 2 | @a二十一世纪高校经济管理类专业系列教材@Aer shi yi shi ji gao xiao jing ji guan li lei zhuan ye xi lie jiao cai |
| 320 | @a有书目 (第368-371页)。 | |
| 330 | @a本书将营销学科前沿理论尽量吸纳进教材, 如营销风险理论、营销工程与技术、定制营销、整合营销等都进行了适当的介绍, 并尽量与成熟的营销理论相衔接。 | |
| 333 | @a山东省“市场营销学”精品课程教材 | |
| 410 | 0 | @12001 @a二十一世纪高校经济管理类专业系列教材 |
| 606 | 0 | @a市场营销学@Ashi chang ying xiao xue |
| 690 | @aF713.50@v4 | |
| 701 | 0 | @a张云起@Azhang yun qi@4主编 |
| 701 | 0 | @a贺继红@Ahe ji hong@4主编 |
| 801 | 0 | @aCN@c20070521 |
| 905 | @a10447@dF713.50@eZ235 | |
| 市场营销学/张云起, 贺继红主编.-济南:山东大学出版社,2006.08 |
| 371页:图;23cm.-(二十一世纪高校经济管理类专业系列教材) |
| 使用对象:山东省“市场营销学”精品课程教材 |
| ISBN 7-5607-3209-7:CNY28.20 |
| 本书将营销学科前沿理论尽量吸纳进教材, 如营销风险理论、营销工程与技术、定制营销、整合营销等都进行了适当的介绍, 并尽量与成熟的营销理论相衔接。 |
| ● |
| 相关链接 |
|
|
|
正题名:市场营销学
索取号:F713.50/Z235
 
预约/预借
| 序号 | 登录号 | 条形码 | 馆藏地/架位号 | 状态 | 备注 |
| 1 | 236874 | 202368749 | 社科二线422/422社科库 29排1列1层/ [索取号:F713.50/Z235] | 在馆 | |
| 2 | 236875 | 202368758 | 社科库409/409社科库 88排1列2层/ [索取号:F713.50/Z235] | 在馆 |